[Event "Druzynowe Mistrzostwa Polski II Liga"]
[Site "Szklarska Poreba"]
[Date "1899-12-30"]
[Round "6.22"]
[White "Pulik, Krzysztof"]
[Black "Lizak, Jakub"]
[Result "0-1"]
[WhiteTitle "k"]
[BlackTitle "k"]
[WhiteElo "2134"]
[BlackElo "2222"]

1. e4 e5 2. Nf3 Nc6 3. Bc4 Nf6 4. d3 Be7 5. c3 O-O 6. Bb3 d5 7. Qe2 a5 8. a4 h6
9. O-O Re8 10. Na3 Be6 11. Bc2 Bc5 12. Nb5 Bb6 13. h3 Qe7 14. Re1 Rad8 15. Be3
Bxe3 16. Qxe3 dxe4 17. dxe4 Nh5 18. Rad1 Nf4 19. Kh2 g5 20. Ng1 b6 21. g3 Ng6
22. Kg2 h5 23. Ne2 h4 24. b3 hxg3 25. fxg3 Kg7 26. Rh1 Rh8 27. Rxd8 Qxd8 28. g4
f6 29. Kg1 Qc8 30. Ng3 Nce7 31. Nh5+ Kf7 32. Qf3 Nf4 33. Nxf4 exf4 34. Nd4 Ng6
35. Nf5 Ne5 36. Qe2 Qb7 37. Nd4 Rd8 38. Rh2 Rd6 39. Nf3 Qc8 40. Nxe5+ fxe5 41.
Kf1 Qd7 42. Ke1 Ke7 43. Rf2 Qc6 44. Rf3 Qc5 45. Rd3 Rxd3 46. Qxd3 Qg1+ 47. Kd2
Qg2+ 48. Kc1 f3 49. Qb5 f2 50. Bd3 Qxh3 51. Kb2 Qe3 52. Bf1 Qxe4 53. Bd3 Qd5 0-1

[Event "Druzynowe Mistrzostwa Polski II Liga"]
[Site "Szklarska Poreba"]
[Date "1899-12-30"]
[Round "6.23"]
[White "Szolc, Grzegorz"]
[Black "Wozniak, Maciej"]
[Result "1-0"]
[WhiteTitle "I+"]
[BlackTitle "k"]
[WhiteElo "1995"]
[BlackElo "2053"]

1. d4 d5 2. Bf4 c6 3. e3 Qb6 4. Qc1 Bf5 5. Nd2 e6 6. Ngf3 h6 7. c4 Nf6 8. Be2 Nbd7
9. h3 Be7 10. O-O g5 11. Bg3 Ne4 12. Nxe4 Bxe4 13. Ne5 Nxe5 14. Bxe5 O-O 15. c5
Qa5 16. a3 Qa4 17. Qc3 Qc2 18. Qxc2 Bxc2 19. Rfc1 Bg6 20. b4 f6 21. Bg3 Rfc8 22.
a4 Bd8 23. b5 Be8 24. Bd3 Kf7 25. Rab1 Bc7 26. Bxc7 Rxc7 27. a5 cxb5 28. Bxb5
a6 29. Bxe8+ Rxe8 30. Rb6 e5 31. Rcb1 Ree7 32. f3 h5 33. Kf2 h4 34. Rd6 Red7 35.
Rbb6 Rxd6 36. Rxd6 exd4 37. exd4 Rc6 38. Rd7+ Ke6 39. Rxb7 Rc8 40. Rb6+ Kf5 41.
Rxa6 Rf8 42. Rb6 Kf4 43. a6 f5 44. a7 Ra8 45. Ra6 g4 46. c6 gxh3 47. gxh3 Kg5
48. c7 Kf4 49. Ra2 1-0

[Event "Druzynowe Mistrzostwa Polski II Liga"]
[Site "Szklarska Poreba"]
[Date "1899-12-30"]
[Round "6.24"]
[White "Krzyzanowska-zadlo, Lidia"]
[Black "Mazur, Anna"]
[Result "1-0"]
[WhiteTitle "k"]
[BlackTitle "I+"]
[WhiteElo "1842"]
[BlackElo "1693"]

1. e4 c5 2. Nf3 e6 3. d4 cxd4 4. Nxd4 a6 5. Bd3 Qc7 6. O-O Nf6 7. Be3 Be7 8. Nc3
b5 9. a3 Bb7 10. f4 d6 11. Qf3 O-O 12. g4 Rd8 13. g5 Ne8 14. f5 e5 15. Ne6 fxe6
16. fxe6 Bf6 17. Nd5 Bxd5 18. exd5 Qe7 19. Bxh7+ Kf8 20. Bg6 Rc8 21. Qh5 Qc7 22.
Bxe8 Rxe8 23. gxf6 1-0

[Event "Druzynowe Mistrzostwa Polski II Liga"]
[Site "Szklarska Poreba"]
[Date "1899-12-30"]
[Round "6.25"]
[White "Janaszak, Dawid"]
[Black "Molenda, Marcin"]
[Result "1-0"]
[WhiteTitle "FM"]
[BlackTitle "FM"]
[WhiteElo "2382"]
[BlackElo "2411"]

1. Nf3 c5 2. c4 Nc6 3. Nc3 g6 4. g3 Bg7 5. Bg2 Nf6 6. O-O O-O 7. d4 d6 8. d5 Na5
9. Nd2 a6 10. Qc2 Rb8 11. b3 b5 12. Bb2 bxc4 13. bxc4 Qc7 14. Rab1 Bd7 15. Nd1
Rb7 16. Bc3 Rxb1 17. Qxb1 Rb8 18. Bxa5 Rxb1 19. Bxc7 Rb4 20. Bd8 Kf8 21. e4 Ne8
22. Ne3 Ra4 23. Nb3 Rxa2 24. Na5 Bc3 25. Nc6 e5 26. Rb1 a5 27. Nd1 Bb4 28. f4
exf4 29. gxf4 a4 30. Bf3 Bd2 31. Rb7 Bc8 32. Rb8 Bd7 33. Be7+ Kg7 34. Rd8 Nf6
35. Bf8+ Kg8 36. Bxd6+ 1-0

[Event "Druzynowe Mistrzostwa Polski II Liga"]
[Site "Szklarska Poreba"]
[Date "1899-12-30"]
[Round "6.26"]
[White "Czerw, Dawid"]
[Black "Dudzinski, Piotr"]
[Result "0-1"]
[WhiteTitle "k"]
[BlackTitle "FM"]
[WhiteElo "2260"]
[BlackElo "2341"]

1. d4 d5 2. c4 e6 3. Nc3 Nf6 4. cxd5 exd5 5. Bg5 c6 6. e3 Be7 7. Bd3 O-O 8. Nge2
Nbd7 9. Qc2 Re8 10. O-O h6 11. Bh4 Ne4 12. Bxe7 Qxe7 13. Bxe4 dxe4 14. d5 f5 15.
dxc6 bxc6 16. Qa4 Ne5 17. Nd4 Bd7 18. Qc2 c5 19. Nde2 Be6 20. b3 Nd3 21. Nf4 Nxf4
22. exf4 c4 23. bxc4 Bxc4 24. Rfe1 Rac8 25. Nd1 Qd6 26. Ne3 Be6 27. Qa4 Qxf4 28.
Qxa7 Qe5 29. a4 f4 30. Nf1 Ra8 31. Qb6 Reb8 32. Qc6 Bd5 33. Qc5 Rc8 34. Qa3 Rc3
35. Qb2 Rb8 36. Qd2 Rcb3 37. Rad1 Ba8 38. Qd4 Qg5 39. Rd2 h5 40. Rc1 e3 41. fxe3
fxe3 42. Rc5 Qg6 43. Qc4+ Kh7 44. Rc2 Bf3 45. Rb5 R3xb5 46. axb5 e2 47. Rxe2 Bxe2
48. Qxe2 Qb6+ 49. Ne3 g6 50. Qf3 Kg7 51. Qe4 Qc5 52. h3 Rxb5 53. Kh1 Qc1+ 54.
Kh2 Qc7+ 55. g3 Kh7 56. Ng2 Rb2 57. h4 Qb7 58. Qxb7+ Rxb7 59. Nf4 Kg7 60. Kh3
Kf6 61. Ng2 Kf5 62. Nf4 Rb3 63. Nd5 Ke4 64. Nf4 Rb6 65. Ng2 Rf6 66. Kh2 Rf1 67.
g4 Kf3 68. g5 Rd1 0-1

[Event "Druzynowe Mistrzostwa Polski II Liga"]
[Site "Szklarska Poreba"]
[Date "1899-12-30"]
[Round "6.27"]
[White "Dudzinski, Pawel"]
[Black "Hrtanek, Jiri"]
[Result "1-0"]
[WhiteTitle "FM"]
[BlackTitle "I"]
[WhiteElo "2244"]
[BlackElo "1986"]

1. e4 c5 2. Nc3 Nc6 3. g3 g6 4. Bg2 Bg7 5. d3 d6 6. Be3 e6 7. Qd2 Nd4 8. Nd1 e5
9. c3 Nc6 10. f4 Nge7 11. Nf3 Bg4 12. Nf2 Bxf3 13. Bxf3 Qc7 14. O-O O-O 15. f5
f6 16. g4 Rad8 17. Rae1 b6 18. c4 Kf7 19. Bd1 Ke8 20. Ba4 Kd7 21. Nd1 Kc8 22.
Bxc6 Qxc6 23. Nc3 Rg8 24. Kh1 Rdf8 25. Rf3 a6 26. b4 Qd7 27. bxc5 dxc5 28. Rb1
Kc7 29. Nd5+ Nxd5 30. cxd5 Rb8 31. Qc2 Bf8 32. a4 a5 33. Rb5 Bd6 34. Qf2 g5 35.
Rh3 Rg7 36. Rh6 Rf7 37. Kg2 Bf8 38. Rh5 h6 39. Kf3 Rh7 40. Qc2 Bd6 41. Qc4 Kd8
42. Ke2 Ke8 43. Qb3 Qc7 44. Qc4 Qd7 45. Kd2 Kd8 46. Kc3 Qc7 47. Kb3 Qd7 48. Qc2
Qc7 49. Kc4 Qd7 50. Qf2 Qa7 51. Qc2 Qc7 52. Rb1 Qd7 53. Qb3 Qe7 54. Qb5 Qd7 55.
Rh1 Qxb5+ 56. Kxb5 Kc7 57. h4 1-0

[Event "Druzynowe Mistrzostwa Polski II Liga"]
[Site "Szklarska Poreba"]
[Date "1899-12-30"]
[Round "6.28"]
[White "Rydzewski, Pawel"]
[Black "Wlodarczyk, Oskar"]
[Result "1/2-1/2"]
[WhiteTitle "I"]
[BlackTitle "FM"]
[WhiteElo "1938"]
[BlackElo "2281"]

1. e4 Nf6 2. Nc3 e5 3. Nf3 Nc6 4. Bb5 Nd4 5. Bc4 Bc5 6. d3 d6 7. Nxd4 Bxd4 8. O-O
Be6 9. Bb3 Qd7 10. Qe1 O-O-O 11. Be3 d5 12. exd5 Nxd5 13. Bxd4 exd4 14. Nxd5 Bxd5
15. Qe5 Bc6 16. Rae1 Rhe8 17. Qf4 f6 18. f3 a5 19. a3 b6 20. Kf2 Kb7 21. Rxe8
Rxe8 22. Qd2 g5 23. Re1 Rxe1 24. Qxe1 Qd6 25. g3 Qc5 26. Qd2 Qf5 27. Qe2 g4 28.
f4 Bf3 29. Qe8 Bc6 30. Qe2 a4 31. Bc4 Bf3 32. Qe8 Qa5 33. Qe1 Qc5 34. Qd2 b5 35.
Bg8 Kb6 36. h4 h6 37. Ke1 Bb7 38. Kd1 Qc6 39. Qe1 Qg2 40. Be6 Bf3+ 41. Kc1 c5
42. Kb1 Be2 43. Bf5 Qf3 44. Bg6 Qe3 45. Bf5 Bf3 46. Qxe3 dxe3 47. Kc1 Be2 48.
c3 b4 49. Bd7 bxa3 1/2-1/2

[Event "Druzynowe Mistrzostwa Polski II Liga"]
[Site "Szklarska Poreba"]
[Date "1899-12-30"]
[Round "6.29"]
[White "Chmielarz, Maciej"]
[Black "Galuszka, Tomasz"]
[Result "1/2-1/2"]
[WhiteTitle "I+"]
[BlackTitle "I"]
[WhiteElo "1950"]
[BlackElo "1895"]

1. d4 d5 2. c4 c6 3. cxd5 cxd5 4. Nc3 Nc6 5. Nf3 Nf6 6. Bf4 a6 7. e3 e6 8. Bd3
Bd6 9. Rc1 O-O 10. Bb1 Bxf4 11. exf4 Ne7 12. Ne5 Qb6 13. b3 Nf5 14. Bxf5 exf5
15. Na4 Qa5+ 16. Qd2 Qxd2+ 17. Kxd2 Ne4+ 18. Ke2 Re8 19. Nb6 Rb8 20. f3 Nd6 21.
Kf2 f6 22. Nd3 Nb5 23. Nb4 Nxd4 24. Rhd1 Nc6 25. Nxc6 bxc6 26. Rxc6 Bb7 27. Rc7
Ba8 28. Nxa8 Rxa8 29. Rxd5 Rad8 30. Rdd7 Rxd7 31. Rxd7 Re6 32. Rd2 Kf7 33. Re2
Rd6 34. Ke1 Rd4 35. Rd2 Rb4 36. Rd6 a5 37. Ra6 Rb5 38. Ra7+ Kg6 39. Kd2 Rc5 40.
Kd3 h5 41. h4 Kh6 42. a4 g5 43. fxg5+ fxg5 44. Ra6+ Kg7 45. hxg5 f4 46. Re6 Rxg5
47. Re2 Kf6 48. Kd4 Rg8 49. Rc2 Rb8 50. Rc6+ Kg5 51. Rc5+ Kh4 52. Rb5 Rg8 53.
Rxa5 Rxg2 54. b4 Rb2 55. Kc3 Rf2 56. b5 Rxf3+ 57. Kc4 Rf1 58. b6 Rb1 59. Rb5 Rxb5
60. axb5 f3 61. Kd3 Kh3 62. Ke3 Kg2 63. b7 f2 64. b8=Q f1=Q 65. Qg8+ Kh3 66. Qe6+
Kg3 67. Qe5+ Kg4 68. Qg7+ Kh4 69. Qd4+ Kg3 70. Qd3 Qe1+ 71. Kd4+ Kf4 72. Qc4 Qd2+
73. Kc5+ Ke5 74. Kb6 Qd8+ 75. Qc7+ 1/2-1/2

[Event "Druzynowe Mistrzostwa Polski II Liga"]
[Site "Szklarska Poreba"]
[Date "1899-12-30"]
[Round "6.30"]
[White "Buchta, Agnieszka"]
[Black "Czerwinska, Milena"]
[Result "1/2-1/2"]
[WhiteTitle "I++"]
[BlackTitle "WFM"]
[WhiteElo "1835"]
[BlackElo "2013"]

1. e4 c5 2. Nf3 d6 3. d4 cxd4 4. Qxd4 Nc6 5. Bb5 Bd7 6. Bxc6 Bxc6 7. Nc3 Nf6 8.
Bg5 e6 9. O-O-O Be7 10. Rhe1 O-O 11. Kb1 Qa5 12. Qd2 Qa6 13. Nd4 Rfc8 14. f3 Be8
15. g4 b5 16. Nce2 Qb7 17. Ng3 b4 18. Nh5 Nxh5 19. gxh5 Rc5 20. Rg1 Rac8 21. Bh6
g6 22. hxg6 hxg6 23. Rc1 Bf6 24. Nb3 Rh5 25. Bg5 Bxg5 26. Rxg5 Rxg5 27. Qxg5 Qb5
28. Qe7 a5 29. Qxd6 a4 30. Nd4 Qc4 31. f4 a3 32. f5 axb2 33. Kxb2 1/2-1/2

[Event "Druzynowe Mistrzostwa Polski II Liga"]
[Site "Szklarska Poreba"]
[Date "1899-12-30"]
[Round "6.32"]
[White "Marszalek, Maciej"]
[Black "Zgadzaj, Rafal"]
[Result "1-0"]
[WhiteTitle "m"]
[BlackTitle "k"]
[WhiteElo "2299"]
[BlackElo "2099"]

1. d4 f5 2. c4 Nf6 3. Nf3 g6 4. Nc3 Bg7 5. Bf4 d6 6. Qb3 h6 7. h4 c6 8. e3 Nbd7
9. Be2 Qa5 10. O-O e5 11. Bh2 Ng4 12. Rad1 Nxh2 13. Nxh2 O-O 14. dxe5 dxe5 15.
h5 g5 16. e4 Nc5 17. Qc2 f4 18. Bg4 Ne6 19. Ne2 Nd4 20. Nxd4 exd4 21. a3 Qd8 22.
Qe2 Qe7 23. Rfe1 Qf7 24. e5 c5 25. e6 Qe7 26. b4 b6 27. bxc5 bxc5 28. Rb1 Ba6
29. Bf3 Rad8 30. Qd3 Rf6 31. Bg4 Re8 32. Nf3 Bc8 33. Bf5 Qd6 34. Bh7+ Kh8 35.
Ne5 Bxe6 36. Rb7 a6 37. a4 a5 38. Bg6 Rb8 39. Nf7+ Bxf7 40. Rxf7 Rxf7 41. Bxf7
Qd7 42. Bd5 Bf6 43. Qg6 Bg7 44. Bc6 1-0

[Event "Druzynowe Mistrzostwa Polski II Liga"]
[Site "Szklarska Poreba"]
[Date "1899-12-30"]
[Round "6.33"]
[White "Sztwiertnia, Jan Krzysztof"]
[Black "Widla, Piotr"]
[Result "1-0"]
[WhiteTitle "k"]
[BlackTitle "I++"]
[WhiteElo "2105"]
[BlackElo "2046"]

1. e4 c5 2. Nf3 d6 3. Bb5+ Bd7 4. a4 a6 5. Bxd7+ Nxd7 6. O-O Ngf6 7. Nc3 g6 8.
a5 Bg7 9. d3 O-O 10. Re1 Re8 11. Bf4 Nh5 12. Bg5 h6 13. Bd2 e6 14. Qc1 Kh7 15.
h3 Rc8 16. Ra4 Qc7 17. b3 Nb8 18. g4 Nf6 19. Ne2 Nc6 20. Ng3 Nd7 21. Qd1 Nde5
22. Nh2 b5 23. axb6 Qxb6 24. f4 Nd7 25. Nf3 Nd4 26. Kg2 Qc6 27. Be3 e5 28. f5
d5 29. Bg1 Nb5 30. Qd2 Red8 31. exd5 Qxd5 32. c4 Qb7 33. cxb5 axb5 34. Rae4 Nf6
35. fxg6+ fxg6 36. Rxe5 Nd5 37. R5e4 Bc3 38. Qxc3 Nxc3 39. Re7+ Qxe7 40. Rxe7+
Kg8 41. Ne5 Rd6 42. Rb7 c4 43. bxc4 bxc4 44. Be3 Nd5 45. Bxh6 Rc7 46. Rxc7 Nxc7
47. dxc4 Re6 48. Nd3 Na6 49. Bf4 Rc6 50. Ne5 Re6 51. h4 Nc5 52. Kf3 Ra6 53. Be3
Nb3 54. c5 Ra3 55. Kf4 Kg7 56. c6 Ra4+ 57. Ne4 1-0

[Event "Druzynowe Mistrzostwa Polski II Liga"]
[Site "Szklarska Poreba"]
[Date "1899-12-30"]
[Round "6.34"]
[White "Popiol, Michal"]
[Black "Malecki, Rafal"]
[Result "1-0"]
[WhiteTitle "II+"]
[BlackTitle "k+"]
[WhiteElo "2079"]
[BlackElo "2006"]

1. d4 Nf6 2. c4 g6 3. Nc3 Bg7 4. e4 d6 5. Be2 O-O 6. Nf3 Nbd7 7. O-O e5 8. Be3
c6 9. d5 c5 10. Nd2 Ne8 11. a3 f5 12. f3 f4 13. Bf2 g5 14. b4 b6 15. g4 fxg3 16.
hxg3 h5 17. Kg2 Ndf6 18. g4 hxg4 19. fxg4 a6 20. Be3 Nh7 21. Rf5 Ra7 22. Rb1 Rff7
23. Nf1 Bf6 24. Ng3 Nf8 25. Nh5 Bxf5 26. exf5 Rh7 27. Ne4 Rxh5 28. gxh5 Nh7 29.
Bg4 Qd7 30. Qc2 Bd8 31. Ng3 Nef6 32. Be2 Rb7 33. Qb3 cxb4 34. axb4 Qf7 35. Qa4
b5 36. Qxa6 bxc4 37. Qxd6 Rd7 38. Qe6 Nxd5 39. Bc1 Nf4+ 40. Bxf4 gxf4 41. Bxc4
Rd2+ 42. Kf1 Qxe6 43. fxe6 Kf8 44. Nf5 Ng5 45. h6 e4 46. Ra1 Nf3 47. Be2 Ng5 48.
Ra8 Kg8 49. e7 Nf7 50. e8=Q+ 1-0

[Event "Druzynowe Mistrzostwa Polski II Liga"]
[Site "Szklarska Poreba"]
[Date "1899-12-30"]
[Round "6.35"]
[White "Szajda, Marcin"]
[Black "Olesiak, Marcin"]
[Result "0-1"]
[WhiteTitle "I++"]
[BlackTitle "I+"]
[WhiteElo "2016"]
[BlackElo "2076"]

1. e4 c5 2. Nf3 d6 3. d4 cxd4 4. Nxd4 Nf6 5. Nc3 a6 6. h3 e6 7. Be3 Be7 8. Qd2
O-O 9. Bd3 b5 10. a3 Bb7 11. O-O Nbd7 12. Nf3 Qc7 13. Rfe1 Rac8 14. Rad1 Qb8 15.
Qe2 Qa8 16. Nd2 Rfd8 17. f4 e5 18. f5 d5 19. exd5 Nxd5 20. Nxd5 Bxd5 21. c4 e4
22. cxd5 exd3 23. Qxd3 Nc5 24. Bxc5 Bxc5+ 25. Kh1 Rxd5 26. Qf1 Rcd8 27. Nb3 Bb6
28. f6 Rxd1 29. Rxd1 gxf6 30. Rd3 Rxd3 31. Qxd3 Qe8 32. Qg3+ Kh8 33. Nd2 Qe5 34.
Ne4 Bc7 35. Qxe5 fxe5 36. b4 a5 37. Nc3 axb4 38. axb4 Bd6 39. Nxb5 Bxb4 40. Kh2
f5 41. Kg3 Kg7 42. Nc7 Kf7 43. Nd5 Bd6 44. Kf3 e4+ 45. Ke3 Ke6 46. Nc3 Ke5 47.
g3 Bc5+ 48. Ke2 Kd4 49. Nd1 Kc4 50. Nb2+ Kd5 51. Nd1 Bd4 52. Kd2 Ke5 53. Ke2 h5
54. Kf1 f4 55. gxf4+ Kxf4 56. Kg2 h4 57. Nf2 Bxf2 58. Kxf2 e3+ 59. Ke2 Ke4 60.
Ke1 Kf3 61. Kf1 Kg3 62. Ke2 Kxh3 63. Kf1 0-1

[Event "Druzynowe Mistrzostwa Polski II Liga"]
[Site "Szklarska Poreba"]
[Date "1899-12-30"]
[Round "6.36"]
[White "Dziodzio, Angelika"]
[Black "Chmiel, Dominika"]
[Result "1-0"]
[WhiteTitle "WFM"]
[BlackTitle "m"]
[WhiteElo "2108"]
[BlackElo "2123"]

1. e4 e5 2. Nf3 Nc6 3. Bc4 Nf6 4. d4 exd4 5. O-O d6 6. Nxd4 Nxd4 7. Qxd4 Be7 8.
Nc3 O-O 9. h3 Bd7 10. Be3 Bc6 11. Nd5 Nxd5 12. Bxd5 Bf6 13. Qb4 a5 14. Qc4 Bxd5
15. Qxd5 Re8 16. c3 c6 17. Qd3 Qe7 18. Rad1 Qe6 19. a3 Qb3 20. Rd2 Rad8 21. f4
Re6 22. Bf2 h6 23. Re1 Rde8 24. Rde2 Qa4 25. c4 b5 26. c5 dxc5 27. e5 c4 28. Qf3
g6 29. f5 Rxe5 30. Rxe5 Bxe5 31. Qxc6 Re7 32. f6 Bxf6 33. Qxf6 Rxe1+ 34. Bxe1
Qd1 35. Qe5 b4 36. axb4 axb4 37. Kh2 c3 38. bxc3 b3 39. Bf2 b2 40. Qb8+ Kg7 41.
Qxb2 1-0

[Event "Druzynowe Mistrzostwa Polski II Liga"]
[Site "Szklarska Poreba"]
[Date "1899-12-30"]
[Round "6.37"]
[White "Kumala, Aleksander"]
[Black "Barglowski, Filip"]
[Result "1/2-1/2"]
[WhiteTitle "k"]
[BlackTitle "FM"]
[WhiteElo "2215"]
[BlackElo "2310"]

1. e4 c5 2. b3 e5 3. Bb2 Nc6 4. Bc4 d6 5. Ne2 Nf6 6. Nbc3 g6 7. O-O Bg7 8. d3 O-O
9. h3 a6 10. a4 Nh5 11. Qd2 Rb8 12. g4 Nf4 13. Nxf4 exf4 14. Qxf4 Nd4 15. Kg2
Nxc2 16. Rab1 Nd4 17. Qe3 b5 18. axb5 axb5 19. Bd5 Be6 20. b4 Nc2 21. Qd2 Nxb4
22. Bxe6 fxe6 23. f4 Nc6 24. Ne2 Bxb2 25. Rxb2 d5 26. Qc2 c4 27. Rfb1 Qa5 28.
f5 gxf5 29. gxf5 exf5 30. exd5 Ne5 31. dxc4 Nxc4 32. Rb3 f4 33. Rg1 Qd2 34. Kf2+
Kh8 35. Qc3+ Qxc3 36. Nxc3 Nd6 37. Kf3 Nf5 38. Rb4 Nh4+ 39. Kf2 Rbc8 40. Rc1 Rg8
41. Rxf4 Rg2+ 42. Kf1 Rh2 43. Na2 Rxc1+ 44. Nxc1 Ng6 45. Rg4 Rd2 46. Ne2 Rxd5
47. Rb4 Rc5 48. Rb3 Rd5 49. Rb4 Ne7 50. Nd4 1/2-1/2

[Event "Druzynowe Mistrzostwa Polski II Liga"]
[Site "Szklarska Poreba"]
[Date "1899-12-30"]
[Round "6.38"]
[White "Winiarski, Mikolaj"]
[Black "Kasperek, Ryszard"]
[Result "1/2-1/2"]
[WhiteTitle "FM"]
[BlackTitle "m"]
[WhiteElo "2272"]
[BlackElo "2133"]

1. e4 c5 2. Nf3 e6 3. Qe2 Nc6 4. c3 d5 5. d3 Nf6 6. g3 b6 7. e5 Nd7 8. Bg2 Qc7
9. Bf4 Be7 10. h4 Bb7 11. O-O h6 12. Re1 O-O-O 13. Na3 a6 14. Nc2 Rdg8 15. d4
g5 16. hxg5 hxg5 17. Bd2 Kb8 18. Rac1 Qd8 19. Nh2 Qf8 20. Ng4 Rh7 21. dxc5 bxc5
22. b4 c4 23. Rb1 Na7 24. a4 Rgh8 25. Nd4 Ka8 26. Be3 Qc8 27. b5 a5 28. b6 Nc6
29. Rb5 Kb8 30. Qd2 Rh5 31. f4 gxf4 32. Bxf4 Nc5 33. Nf6 Rh2 34. g4 Rxg2+ 35.
Kxg2 Nb3 36. Nxb3 cxb3 37. Kg3 d4 38. Rxb3 Qd8 39. Rb5 dxc3 40. Qxc3 Bb4 41. Rxb4
axb4 42. Qc4 Na5 43. Qxb4 Qd3+ 44. Re3 Qf1 45. Nh5 Nc4 46. Rb3 Rg8 47. Kh4 Bf3
48. Rxf3 Qxf3 49. Nf6 Qh1+ 50. Kg3 Qg1+ 51. Kf3 Qf1+ 52. Kg3 Qg1+ 53. Kf3 Qf1+
54. Kg3 Rd8 55. Qe7 1/2-1/2

[Event "Druzynowe Mistrzostwa Polski II Liga"]
[Site "Szklarska Poreba"]
[Date "1899-12-30"]
[Round "6.39"]
[White "Puczylowski, Marcin"]
[Black "Chylewski, Patryk"]
[Result "1-0"]
[WhiteTitle "k"]
[BlackTitle "k++"]
[WhiteElo "2116"]
[BlackElo "2255"]

1. e4 c5 2. Nf3 e6 3. b3 a6 4. Bb2 Nc6 5. d4 cxd4 6. Nxd4 Qc7 7. Bd3 Nf6 8. Nd2
d6 9. Nxc6 bxc6 10. f4 d5 11. O-O Be7 12. Qe2 a5 13. e5 Nd7 14. f5 Nc5 15. Qg4
Bf8 16. fxe6 Bxe6 17. Bf5 Bxf5 18. Qxf5 Ne6 19. c4 Bc5+ 20. Kh1 O-O 21. cxd5 cxd5
22. Nf3 Qe7 23. Rad1 Rfd8 24. Bc1 Rd7 25. Rd3 a4 26. Bg5 Qf8 27. Qg4 axb3 28.
axb3 Kh8 29. Nh4 Nxg5 30. Qxd7 Ne4 31. Rdf3 Nf2+ 32. R3xf2 Bxf2 33. g3 Ra2 34.
Qxd5 Kg8 35. Nf5 Rb2 36. Nd6 Qe7 37. Qa8+ Qf8 38. Qf3 Bc5 39. Nxf7 h6 40. Nxh6+
gxh6 41. Qd5+ 1-0

[Event "Druzynowe Mistrzostwa Polski II Liga"]
[Site "Szklarska Poreba"]
[Date "1899-12-30"]
[Round "6.40"]
[White "Rozycki, Bartlomiej"]
[Black "Kanarkiewicz, Michal"]
[Result "1/2-1/2"]
[WhiteTitle "k++"]
[BlackTitle "k"]
[WhiteElo "2157"]
[BlackElo "2066"]

1. d4 Nf6 2. c4 g6 3. f3 Bg7 4. e4 d6 5. Nc3 O-O 6. Nge2 Nc6 7. Be3 a6 8. Qd2 Rb8
9. Rc1 Bd7 10. Nd1 e5 11. d5 Ne7 12. Ng3 Ne8 13. Bd3 f5 14. exf5 Nxf5 15. Nxf5
gxf5 16. O-O Nf6 17. Qc2 e4 18. fxe4 fxe4 19. Be2 Ng4 20. Rxf8+ Qxf8 21. Bxg4
Bxg4 22. Qxe4 Be2 23. Qf4 Qxf4 24. Bxf4 Rf8 25. g3 Be5 26. b3 Bxf4 27. gxf4 Bxd1
28. Rxd1 Rxf4 29. Kg2 Kf7 30. Kg3 Rf5 1/2-1/2

[Event "Druzynowe Mistrzostwa Polski II Liga"]
[Site "Szklarska Poreba"]
[Date "1899-12-30"]
[Round "6.41"]
[White "Zurkowski, Andrzej"]
[Black "Kokoszczynski, Jan"]
[Result "0-1"]
[WhiteTitle "k+"]
[BlackTitle "k"]
[WhiteElo "2048"]
[BlackElo "2103"]

1. d4 Nf6 2. g4 Nxg4 3. e4 d5 4. Be2 Nf6 5. exd5 Qxd5 6. Bf3 Qd8 7. c4 c6 8. Nc3
Bf5 9. Nge2 e6 10. a3 Nbd7 11. Ng3 Bg6 12. Qe2 Be7 13. Bf4 O-O 14. h4 h6 15. O-O-O
Re8 16. Rdg1 e5 17. Bxh6 exd4 18. Nce4 gxh6 19. h5 Nxe4 20. Nxe4 Bg5+ 21. Rxg5
Qxg5+ 22. Nxg5 Rxe2 23. Bxe2 hxg5 24. hxg6 fxg6 25. Rg1 Re8 26. Kd2 Re5 27. f4
gxf4 28. Rxg6+ Kf7 29. Rd6 Nc5 30. Rh6 Ne4+ 31. Kd3 Nf6 32. Rh4 Re3+ 33. Kd2 f3
34. Bd3 c5 35. Rf4 Ke6 36. b4 b6 37. bxc5 bxc5 38. Kc2 Ke7 39. Kd2 Nd7 40. Be4
Ne5 41. Bd5 Rxa3 42. Re4 Kf6 43. Rh4 Ra2+ 44. Kd1 Kg5 45. Rh7 f2 0-1

[Event "Druzynowe Mistrzostwa Polski II Liga"]
[Site "Szklarska Poreba"]
[Date "1899-12-30"]
[Round "6.42"]
[White "Moscicka, Pola"]
[Black "Murawko, Katarzyna"]
[Result "0-1"]
[WhiteTitle "k+"]
[BlackTitle "k"]
[WhiteElo "1894"]
[BlackElo "1988"]

1. d4 Nf6 2. c4 e6 3. g3 d5 4. Nf3 Nbd7 5. Qc2 c6 6. Nbd2 Bd6 7. Bg2 O-O 8. O-O
Re8 9. b3 e5 10. dxe5 Nxe5 11. Bb2 Ng6 12. Rfe1 Ne4 13. Nd4 Bb4 14. Bxe4 dxe4
15. Red1 Qe7 16. Nf1 Bh3 17. Ne3 Qg5 18. Kh1 Bc5 19. a3 f5 20. Rg1 Rad8 21. Rad1
Kh8 22. b4 Bd6 23. c5 Be5 24. Nc4 Bc7 25. Qc3 Ne5 26. Ne3 Qf6 27. Qb3 h5 28. b5
h4 29. gxh4 f4 30. Nd5 Rxd5 31. Qxh3 Red8 32. Rde1 Rxd4 33. Bxd4 Rxd4 34. Qc8+
Qd8 35. Qe6 Qd7 36. Qb3 f3 37. Rg5 g6 38. h5 Qh3 39. Rg3 Qf5 40. Qe3 Rd7 41. Reg1
Qxh5 42. Qc3 Rh7 43. R1g2 fxg2+ 44. Rxg2 Qxe2 0-1

[Event "Druzynowe Mistrzostwa Polski II Liga"]
[Site "Szklarska Poreba"]
[Date "1899-12-30"]
[Round "6.43"]
[White "Dzierzak, Radoslaw"]
[Black "Buraczewski, Rafal"]
[Result "0-1"]
[WhiteTitle "I++"]
[BlackTitle "k"]
[WhiteElo "2251"]
[BlackElo "2220"]

1. e4 e6 2. d3 d5 3. Nd2 Nf6 4. Ngf3 c5 5. g3 Nc6 6. Bg2 Be7 7. O-O Qc7 8. Re1
b6 9. c3 Ba6 10. Nf1 dxe4 11. dxe4 O-O 12. Bf4 Qb7 13. Qc2 Rfd8 14. Rad1 h6 15.
e5 Nd5 16. Bc1 Qc7 17. h4 b5 18. N1h2 b4 19. c4 Nb6 20. b3 Bb7 21. Bb2 Rxd1 22.
Qxd1 Rd8 23. Qb1 Nd7 24. h5 a5 25. g4 a4 26. g5 a3 27. Bc1 Ndxe5 28. gxh6 Nxf3+
29. Nxf3 Nd4 30. Ng5 Ne2+ 31. Kf1 Bxg2+ 32. Kxg2 Bxg5 33. Bxg5 Nc3 34. Qc2 Rd4
35. f3 Qc6 36. Kf2 Qd6 37. Kg2 gxh6 38. Bxh6 Rh4 39. Rg1 f5 40. Qd2 Qxd2+ 41.
Bxd2 Rxh5 42. Bxc3 Rg5+ 43. Kf2 Rxg1 44. Bxb4 Ra1 45. Bxc5 Rxa2+ 46. Kg3 Ra1 47.
Bd4 Rd1 0-1

[Event "Druzynowe Mistrzostwa Polski II Liga"]
[Site "Szklarska Poreba"]
[Date "1899-12-30"]
[Round "6.44"]
[White "Mickiewicz, Piotr"]
[Black "Walter, Szymon"]
[Result "1-0"]
[WhiteTitle "m"]
[BlackTitle "k"]
[WhiteElo "2295"]
[BlackElo "2263"]

1. e4 c5 2. Nf3 d6 3. d4 cxd4 4. Nxd4 Nf6 5. Nc3 g6 6. Bc4 Bg7 7. O-O O-O 8. Re1
Nc6 9. Bb3 Bd7 10. h3 Nxd4 11. Qxd4 Bc6 12. Qd3 Nd7 13. Bg5 Nc5 14. Qg3 Qc7 15.
Nd5 Bxd5 16. exd5 Rfe8 17. c3 b5 18. Re2 Qb7 19. Rd1 a5 20. Qh4 Ra7 21. Bc2 b4
22. c4 a4 23. Bb1 Qd7 24. Rde1 e5 25. dxe6 fxe6 26. Rd1 Qc6 27. Bf6 Rd7 28. Bxg7
Kxg7 29. Red2 Red8 30. Qg4 e5 31. h4 Rf8 32. g3 Rf6 33. h5 Rdf7 34. Qg5 Ne6 35.
h6+ Kf8 36. Qe3 Nd4 37. Be4 Qxc4 38. b3 axb3 39. axb3 Qe6 40. Ra1 Nf3+ 41. Bxf3
Rxf3 42. Ra8+ Ke7 43. Qb6 1-0

[Event "Druzynowe Mistrzostwa Polski II Liga"]
[Site "Szklarska Poreba"]
[Date "1899-12-30"]
[Round "6.45"]
[White "Faron, Rafal"]
[Black "Pazderski, Ziemowit"]
[Result "1-0"]
[WhiteTitle "k"]
[BlackTitle "k+"]
[WhiteElo "2115"]
[BlackElo "2266"]

1. c4 e5 2. g3 Nf6 3. Bg2 Bc5 4. Nc3 O-O 5. e3 a6 6. Nge2 Nc6 7. O-O d6 8. d3 Ba7
9. Rb1 Be6 10. Nd5 Ne8 11. b4 Qd7 12. Re1 Nd8 13. a4 c6 14. Ndc3 Bh3 15. Bh1 Nf6
16. b5 Rc8 17. b6 Bb8 18. d4 exd4 19. exd4 d5 20. cxd5 Nxd5 21. Nxd5 cxd5 22.
Ba3 Re8 23. Qb3 Be6 24. Nc3 Rc4 25. Bc5 Nc6 26. Nxd5 Na5 27. Qe3 Rd8 28. Nc7 Bf5
29. Ra1 h6 30. Bd5 Bxc7 31. bxc7 Qxc7 32. Bxc4 Nxc4 33. Qc1 Na5 34. Re7 Qc6 35.
Qf4 Qg6 36. Bb6 Nb3 37. Rae1 Rd5 38. a5 Bh3 39. Rxb7 Rf5 40. Qe3 Kh7 41. d5 Nxa5
42. Bxa5 Rxd5 43. Bc3 Rd3 44. Qe5 Rf3 45. Rc7 Rf5 46. Qd4 Rg5 47. Rc5 Rg4 48.
Qe5 Qb6 49. Qf5+ Rg6 50. Qxh3 Qxc5 51. Ba1 Qd5 52. Qg2 Qd6 53. Qb7 Qd2 54. Qb1
Qd5 55. Rd1 Qe6 56. Rd8 Qc6 57. Rb8 h5 58. Rb4 Qd5 59. Rd4 Qc5 60. Rf4 Qg5 61.
Rxf7 Kg8 62. Rf5 Qg4 63. Qb3+ Kh7 64. Qf3 1-0

[Event "Druzynowe Mistrzostwa Polski II Liga"]
[Site "Szklarska Poreba"]
[Date "1899-12-30"]
[Round "6.46"]
[White "Kowalec, Maciej"]
[Black "Kastelik, Adrian"]
[Result "1/2-1/2"]
[WhiteTitle "k"]
[BlackTitle "I++"]
[WhiteElo "2083"]
[BlackElo "2168"]

1. d4 d5 2. c4 c6 3. Nf3 Nf6 4. e3 Bf5 5. Nc3 e6 6. Nh4 Bg6 7. Nxg6 hxg6 8. a3
Qc7 9. g3 dxc4 10. Bxc4 Nbd7 11. f4 Rd8 12. Qe2 b5 13. Bd3 a6 14. b4 a5 15. Rb1
axb4 16. axb4 Nb6 17. Bd2 g5 18. fxg5 Qxg3+ 19. hxg3 Rxh1+ 20. Kf2 Rh2+ 21. Kf3
Rxe2 22. Nxe2 Nfd7 23. Rc1 Ne5+ 24. dxe5 Rxd3 25. Rxc6 Nc4 26. Rc8+ Ke7 27. Bc3
g6 28. Bd4 Bg7 29. Ke4 Rb3 30. Nc1 Nd2+ 31. Kf4 Rxb4 32. Rc7+ Ke8 33. Rc8+ Ke7
34. Rc7+ Ke8 35. Ke4 1/2-1/2